LIBRARY & INFORMATION CENTRE, KCAET, TAVANUR

ONLINE PUBLIC ACCESS CATALOGUE (OPAC)

Kanikanum Neram / (Record no. 3781)

MARC details
000 -LEADER
fixed length control field 00364cam a2200157ua 4500
041 ## - LANGUAGE CODE
Language code of text/sound track or separate title mal
082 ## - DEWEY DECIMAL CLASSIFICATION NUMBER
Classification number 894.8127
Item number VIK/KA
100 ## - MAIN ENTRY--AUTHOR NAME
Personal name Vikraman, .
245 ## - TITLE STATEMENT
Title Kanikanum Neram /
250 ## - EDITION STATEMENT
Edition statement 1 /
260 ## - PUBLICATION, DISTRIBUTION, ETC. (IMPRINT)
Place of publication :
Name of publisher C.I.C.C.Book House ,
Year of publication 1964.
300 ## - PHYSICAL DESCRIPTION
Number of Pages 105 ; .
942 ## - ADDED ENTRY ELEMENTS (KOHA)
Koha item type Books
Holdings
Withdrawn status Lost status Damaged status Home library Current library Date acquired Full call number Accession Number Koha item type Public note
Withdrawn     KAUAET Malayalam University 07/04/2012 894.8127 9034 Books Transferred to Malayalam University
free website counter